000 00664nam a2200217 4500
003 OSt
005 20240705031649.0
006 a
008 240705b |||||||| |||| 00| 0 eng d
020 _a9780071260510
040 _aDWCL-Main lib.
_cOC
082 _2Second edition
_aCirc. 658.3 F981 2007
110 _aRaymond A. Noe
245 _aFundamentals of human resource management /
250 _aSecond edition
260 _aBoston :
_bMcGraw-Hill/Irwin,
_cc2007.
300 _axxix,
_b594p. :ill.;
_c25cm.
504 _aIncludes bibliographical references & index.
650 _a1. Personnel management.
942 _2ddc
_n0
_cBK-CIRC
_eSecond edition
_kCirc.
999 _c2010
_d2010